Statystyki dla 90 Stopni Wschodni Południk Kraje

Kliknij tutaj aby rozwiązać quiz!

Ogólne statystyki

  • Ten quiz został rozwiązany 102 razy
  • Średni wynik to 17 z 20

Statystyki odpowiedzi

stopnikraj% Poprawnych
Rosja
99%
Chiny
97%
Indie
92%
Mongolia
90%
12.11°Wietnam
88%
1.81°Nepal
85%
5.01°Indonezja
83%
14.70°Pakistan
83%
Bangladesz
82%
10.07°Laos
82%
8.13°Sri Lanka
82%
7.30°Tajlandia
81%
Bhutan
80%
12.32°Kambodza
80%
9.63°Malezja
80%
2.15°Mjanma
80%
2.71°Kazachstan
78%
14.95°Tadzykistan
74%
13.60°Singapur
69%
9.86°Kirgistan
67%

Rozkład punktacji

Percentyl według liczby udzielonych odpowiedzi

Procent ludzi z każdym wynikiem

Twoja historia wyników

Nie rozwiązałeś tego quizu